1822 1767 1609 1703 1658 1113 1412 1452 1390 1758 1779 1037 1730 1124 1171 1228 1780 1503 1642 1296 1108 1628 1369 1045 1638 1173 1895 1327 1027 1754 1217 1191 1977 1385 1899 1919 1090 1527 1626 1218 1376 1680 1603 1896 1458 1829 1632 1672 1713 1226 1739 1618 1691 1288 1717 1581 1898 1363 1267 1130 1909 1401 1979 1148 1130 1302 1519 1698 1063 1527 1492 1874 1369 1891 1495 1362 1981 1944 1837 1650 1465 1836 1871 1194 1519 1716 1831 1400 1826 1836 1311 1724 1962 1250 1759 1765 1851 1208 1134 BCNSPRNW ULIB Ver.6.0+V

เปลี่ยนเป็นภาษาไทย

Change to English
 แสดงรายละเอียดบรรณานุกรม
  กลับหน้าหลัก

Brief Record : Get Marc (ISO 2709) : E-mail record : QR code < ปิดหน้าต่าง
LEADER : 00000nam 2200000uu 4500
001    13399110850
003     ULIB
008    110610s2546||||th 000 0 tha d
020    974909820X
060 04 WY105^bพ474ข 2546
100 0  พวงรัตน์ บุญญานุรักษ์
245 10 ขุมปัญญาทางพยาบาลศาสตร์ =^bWisdom in nursing science /^cพวงรัตน์ บุญญานุรักษ์
246 31 Wisdom in nursing science
260    [กรุงเทพฯ] :^bพระราม4 ปริ้นติ้ง,^c2546
300    421 หน้า :^c30 ซม.
650  7 การพยาบาล, องค์การและการบริหาร
650  7 พยาบาล, การให้บริการ
650  7 พยาบาล, การศึกษา
945    ^p380^l0^i12842
945    ^p380^l0^i12841
945    ^p380^l0^i11710
995    เกษร
999    ^aใช้งานได้ทุกระบบ
รายการนี้ยังไม่มีแท็ก
คุณยังไม่ได้ล็อกอิน คุณสามารถมีกิจกรรมร่วมกับเว็บไซต์ได้ แต่ต้องล็อกอินก่อน ::
  ล็อกอิน

รายการสื่อสารสนเทศ

ลำดับที่ ประเภท เลขเรียก/บาร์โค้ด สถานที่ สถานะ
1. วิทยาศาสตร์การแพทย์ และสุขภาพ
หนังสือสำรอง
สถานะ=หนังสือสำรอง
WY105 พ474ข 2546 ฉ.1 
  Barcode: 11710
ห้องสมุดวิทยาเขตสวรรค์ประชารักษ์
►นวนิยาย
บนชั้น
  ขอยืม
2. วิทยาศาสตร์การแพทย์ และสุขภาพ
วิทยาศาสตร์การแพทย์ และสุขภาพ
WY105 พ474ข 2546 ฉ.2 
  Barcode: 12841
ห้องสมุดวิทยาเขตสวรรค์ประชารักษ์
►นวนิยาย
บนชั้น
  ขอยืม
3. วิทยาศาสตร์การแพทย์ และสุขภาพ
วิทยาศาสตร์การแพทย์ และสุขภาพ
WY105 พ474ข 2546 ฉ.3 
  Barcode: 12842
ห้องสมุดวิทยาเขตสวรรค์ประชารักษ์
►นวนิยาย
บนชั้น
  ขอยืม

รายการใกล้เคียง
    ผู้แต่ง [พวงรัตน์ บุญญานุรักษ์]

    หัวเรื่อง [การพยาบาล, องค์การและการบริหาร]
    หัวเรื่อง [พยาบาล, การให้บริการ]
    หัวเรื่อง [พยาบาล, การศึกษา]

BibComment


ยังไม่เคยถูกคอมเมนท์

คอมเมนท์ทรัพยากรรายการนี้
  คอมเมนท์: ขุมปัญญาทางพยาบาล..


 Copyright 2026. Bcnsprnw @Library